Statistics for Name That Shark

Click here to take the quiz!

General Stats

  • This quiz has been taken 26 times
  • The average score is 12 of 15

Answer Stats

HintAnswer% Correct
The largest predatory fish on earthGreat White
100%
A shark with a very uniquely shaped headHammerhead
100%
The largest fish on earthWhale
100%
The only shark that can survive in both fresh and salt waterBull
92%
The biggest shark to ever liveMegalodon
92%
Has distinctive vertical grey stripesTiger
92%
A shark with a distinctive black tip on the top of its dorsal finBlacktip
88%
A shark that has distinctive leopard-like prints on its skinLeopard
88%
The fastest species of sharkMako
88%
A shark that spends most of its time on the sea floor, using the buccal pumping method to breatheNurse
75%
A shark with a distinctive long and whip-like tailThresher
71%
A shark that is often mistaken for a ray, except it uses its long fins to steerAngel
54%
The smallest shark on earthDwarf Lantern
50%
A shark that emits the strongest bioluminescence of all sharksCookiecutter
46%
A shark that has almost identically shaped dorsal finsLemon
46%

Score Distribution

Percentile by Number Answered

Percent of People with Each Score

Your Score History

You have not taken this quiz